000 00372nam a2200145Ia 4500
008 100122s9999 xx 000 0 und d
082 _b11776
_a823.08
100 _aपानवलकर श्री दा
245 _aगजगा
260 _bबा.ल.पाठक
_c1963
300 _a146
630 _aगजगा
730 _aगजगा
942 _cBOOK
999 _c403102
_d403099